[Event "Jesenik Rapid op"]
[Site "Jesenik"]
[Date "2023.08.18"]
[Round "3"]
[White "Karnik, Pavel"]
[Black "Kubat, Pavel"]
[Result "1-0"]
[WhiteElo "2305"]
[BlackElo "2033"]
[PlyCount "97"]
[EventDate "2023.08.18"]
[EventType "swiss (rapid)"]
[EventRounds "9"]
[EventCountry "CZE"]
[SourceTitle "EXT 2024"]
[Source "ChessBase"]
[SourceDate "2023.10.10"]
[SourceVersion "1"]
[SourceVersionDate "2023.10.10"]
[SourceQuality "1"]

1. d4 Nf6 2. c3 d5 3. Bg5 c5 4. e3 Ne4 5. Bf4 g5 6. Be5 Rg8 7. f3 Nd6 8. Bd3 Qb6 9. Qb3 c4 10. Qxb6 axb6 11. Bxh7 Rg7 12. Bxg7 Bxg7 13. Bc2 b5 14. Ne2 Nc6 15. e4 e6 16. Nd2 b4 17. 0-0 Nb5 18. Kh1 Bd7 19. g3 Ke7 20. Kg2 Rh8 21. Ba4 Nca7 22. Bxb5 Nxb5 23. e5 f6 24. f4 gxf4 25. Nxf4 Rh6 26. Rf3 fxe5 27. dxe5 bxc3 28. bxc3 Bxe5 29. Re1 Kd6 30. a4 Bxc3 31. axb5 Bxd2 32. Rd1 c3 33. Ne2 e5 34. Nxc3 Bxc3 35. Rxc3 Bxb5 36. g4 d4 37. g5 Rh8 38. Rg3 Kd5 39. g6 e4 40. Rg5+ Kc6 41. Rc1+ Kb6 42. Rb1 d3 43. Rgxb5+ Kc6 44. Re5 Rg8 45. Rxe4 Rxg6+ 46. Kf2 Kd5 47. Rh4 Re6 48. Rd1 Re2+ 49. Kf3 1-0

[Event "Jesenik Rapid op"]
[Site "Jesenik"]
[Date "2023.08.18"]
[Round "1"]
[White "Karnik, Pavel"]
[Black "Vanicek, Daniel"]
[Result "1-0"]
[WhiteElo "2305"]
[BlackElo "1297"]
[PlyCount "71"]
[EventDate "2023.08.18"]
[EventType "swiss (rapid)"]
[EventRounds "9"]
[EventCountry "CZE"]
[SourceTitle "EXT 2024"]
[Source "ChessBase"]
[SourceDate "2023.10.10"]
[SourceVersion "1"]
[SourceVersionDate "2023.10.10"]
[SourceQuality "1"]

1. e4 e5 2. Nf3 Nf6 3. Nc3 Nc6 4. d4 exd4 5. Nxd4 Nxd4 6. Qxd4 d6 7. Bg5 Be7 8. 0-0-0 Be6 9. f4 h6 10. Bh4 g5 11. fxg5 hxg5 12. Bxg5 Rh5 13. h4 Nh7 14. Qh8+ Kd7 15. Qxd8+ Rxd8 16. Bxe7 Kxe7 17. Be2 Rh6 18. g4 Nf8 19. g5 Rh8 20. Nd5+ Bxd5 21. exd5 Ng6 22. h5 Nf4 23. Bf3 Rh7 24. Rde1+ Kd7 25. Bg4+ Ne6 26. dxe6+ fxe6 27. Rxe6 Kc6 28. h6 Rdh8 29. g6 Rxh6 30. Rxh6 Rxh6 31. g7 Rxe6 32. Bxe6 b6 33. g8Q a6 34. b4 Kb5 35. a3 c5 36. Qe8# 1-0

[Event "Jesenik Rapid op"]
[Site "Jesenik"]
[Date "2023.08.18"]
[Round "4"]
[White "Krejca, Jakub"]
[Black "Karnik, Pavel"]
[Result "0-1"]
[WhiteElo "2061"]
[BlackElo "2305"]
[PlyCount "74"]
[EventDate "2023.08.18"]
[EventType "swiss (rapid)"]
[EventRounds "9"]
[EventCountry "CZE"]
[SourceTitle "EXT 2024"]
[Source "ChessBase"]
[SourceDate "2023.10.10"]
[SourceVersion "1"]
[SourceVersionDate "2023.10.10"]
[SourceQuality "1"]

1. e4 d6 2. d4 Nf6 3. Nc3 c6 4. f3 Nbd7 5. Be3 e5 6. Qd2 Qc7 7. 0-0-0 Be7 8. g4 b5 9. g5 Nh5 10. Nce2 Bb7 11. Ng3 Nxg3 12. hxg3 Nb6 13. f4 0-0-0 14. Nf3 f6 15. Be2 Kb8 16. gxf6 gxf6 17. Qa5 d5 18. exd5 Nxd5 19. Bd2 e4 20. Nh4 Bc8 21. c4 bxc4 22. Bxc4 Qxa5 23. Bxa5 Rdg8 24. Rhe1 f5 25. Bxd5 cxd5 26. Re3 Bxh4 27. gxh4 Ba6 28. Rb3+ Ka8 29. Kb1 Rc8 30. Rc3 Rxc3 31. bxc3 Rg8 32. Rd2 e3 33. Rd1 Bd3+ 34. Ka1 Bc4 35. Re1 Rg2 36. Bb4 Rxa2+ 37. Kb1 e2 0-1

[Event "Jesenik Rapid op"]
[Site "Jesenik"]
[Date "2023.08.18"]
[Round "6"]
[White "Zilka, Stepan"]
[Black "Karnik, Pavel"]
[Result "1-0"]
[WhiteElo "2470"]
[BlackElo "2305"]
[PlyCount "111"]
[EventDate "2023.08.18"]
[EventType "swiss (rapid)"]
[EventRounds "9"]
[EventCountry "CZE"]
[SourceTitle "EXT 2024"]
[Source "ChessBase"]
[SourceDate "2023.10.10"]
[SourceVersion "1"]
[SourceVersionDate "2023.10.10"]
[SourceQuality "1"]

1. e4 d5 2. exd5 Qxd5 3. Nc3 Qa5 4. d4 Nf6 5. Nf3 Bg4 6. h3 Bh5 7. Bd2 c6 8. Ne4 Qc7 9. Ng3 Bg6 10. Ne5 Nbd7 11. Bf4 Nxe5 12. Bxe5 Qa5+ 13. c3 Nd7 14. Bf4 e5 15. dxe5 0-0-0 16. b4 Qc7 17. Qd4 Nb6 18. e6 Qe7 19. Qe5 Qxe6 20. Qxe6+ fxe6 21. Be2 Bd6 22. Bxd6 Rxd6 23. h4 h6 24. h5 Bh7 25. Rh4 Rf8 26. c4 Rd7 27. Rd1 Rxd1+ 28. Bxd1 Kd7 29. Rg4 Rf7 30. Ne4 Bxe4 31. Rxe4 Na8 32. Rd4+ Ke7 33. Bc2 Nc7 34. Bg6 Rf8 35. Ke2 Na6 36. Rd3 Rd8 37. Rf3 Rf8 38. Rb3 Rf4 39. a3 b6 40. g3 Rf8 41. c5 bxc5 42. Bd3 Nc7 43. bxc5 Kd7 44. Rb7 Ra8 45. Be4 a5 46. a4 e5 47. Rb6 Nd5 48. Bxd5 cxd5 49. Rd6+ Ke7 50. Rxd5 Ke6 51. Rd6+ Kf5 52. Kd3 Rb8 53. Rb6 Rd8+ 54. Kc4 Ke4 55. c6 Kf3 56. Rb2 1-0

[Event "CZE-ch Amateur"]
[Site "Hluk"]
[Date "2023.05.10"]
[Round "7"]
[White "Paseka, Matyas"]
[Black "Karnik, Pavel"]
[Result "1/2-1/2"]
[WhiteElo "2127"]
[BlackElo "2298"]
[PlyCount "60"]
[EventDate "2023.05.06"]
[EventType "swiss"]
[EventRounds "9"]
[EventCountry "CZE"]
[SourceTitle "CBM 214 Extra"]
[Source "ChessBase"]
[SourceDate "2023.07.31"]
[SourceVersion "1"]
[SourceVersionDate "2023.07.31"]
[SourceQuality "1"]

1. e4 e6 2. d4 d5 3. Nd2 Nf6 4. e5 Nfd7 5. c3 c5 6. Bd3 Nc6 7. Ne2 cxd4 8. cxd4 Qb6 9. Nf3 f6 10. exf6 Nxf6 11. 0-0 Bd6 12. Bf4 Bxf4 13. Nxf4 Qxb2 14. Re1 0-0 15. Nxe6 Bxe6 16. Rxe6 Rae8 17. Bf5 g6 18. Rb1 Qxa2 19. Qc1 Ne4 20. Rb2 Qa4 21. Rxe8 Rxe8 22. Bd7 Rd8 23. Rxb7 Nxd4 24. Bxa4 Ne2+ 25. Kf1 Nxc1 26. Rxa7 Nd3 27. Bb3 Ndxf2 28. Ra8 Rxa8 29. Bxd5+ Kg7 30. Bxa8 Kf6 1/2-1/2

[Event "CZE-ch Amateur"]
[Site "Hluk"]
[Date "2023.05.09"]
[Round "6"]
[White "Karnik, Pavel"]
[Black "Krizek, Frantisek"]
[Result "1-0"]
[WhiteElo "2298"]
[BlackElo "1949"]
[PlyCount "79"]
[EventDate "2023.05.06"]
[EventType "swiss"]
[EventRounds "9"]
[EventCountry "CZE"]
[SourceTitle "CBM 214 Extra"]
[Source "ChessBase"]
[SourceDate "2023.07.31"]
[SourceVersion "1"]
[SourceVersionDate "2023.07.31"]
[SourceQuality "1"]

1. e4 c6 2. d4 d5 3. e5 Bf5 4. Nf3 e6 5. Be2 Nd7 6. 0-0 c5 7. Be3 c4 8. Ne1 h5 9. g3 Bh3 10. Ng2 g6 11. b3 b5 12. a4 a6 13. axb5 axb5 14. Rxa8 Qxa8 15. bxc4 bxc4 16. Nc3 Qc6 17. Qb1 Ne7 18. Qb5 Bf5 19. Ra1 Qxb5 20. Nxb5 Nc6 21. Na7 Ncb8 22. c3 Nb6 23. Bg5 Kd7 24. Ne3 Bh3 25. f3 Kc7 26. g4 N8d7 27. Kf2 Bg7 28. Kg3 hxg4 29. fxg4 f6 30. exf6 Nxf6 31. Bf3 Nfd7 32. Bf4+ e5 33. dxe5 Nxe5 34. Nb5+ Kc6 35. Nd4+ Kb7 36. Bh1 Nd3 37. Nxd5 Nxd5 38. Bxd5+ Kb6 39. Rb1+ Ka5 40. Bc7+ 1-0

[Event "CZE-ch Amateur"]
[Site "Hluk"]
[Date "2023.05.08"]
[Round "4"]
[White "Karnik, Pavel"]
[Black "Martirosyan, David"]
[Result "1-0"]
[WhiteElo "2298"]
[BlackElo "1928"]
[PlyCount "57"]
[EventDate "2023.05.06"]
[EventType "swiss"]
[EventRounds "9"]
[EventCountry "CZE"]
[SourceTitle "CBM 214 Extra"]
[Source "ChessBase"]
[SourceDate "2023.07.31"]
[SourceVersion "1"]
[SourceVersionDate "2023.07.31"]
[SourceQuality "1"]

1. d4 d5 2. c3 Nf6 3. Bg5 c6 4. Nd2 Bf5 5. Bxf6 exf6 6. g3 Bd6 7. Bg2 0-0 8. e3 Re8 9. Ne2 Nd7 10. 0-0 Nf8 11. c4 Be4 12. cxd5 cxd5 13. Nxe4 dxe4 14. Qb3 Qd7 15. Rac1 f5 16. Rc2 Rac8 17. Nc3 Ne6 18. Rfc1 Ng5 19. Qd5 a6 20. h4 Ne6 21. Qxf5 g6 22. Qd5 Nc7 23. Qb3 Qg4 24. Qxb7 Rb8 25. Qc6 Bxg3 26. Nxe4 Re6 27. Nf6+ Rxf6 28. Qxf6 Bxh4 29. Qf3 1-0

[Event "Moravia-Silesia Region-chT 2223"]
[Site "Czech Republic"]
[Date "2022.10.23"]
[Round "2"]
[White "Karnik, Pavel"]
[Black "Horvath, Tomas"]
[Result "1-0"]
[WhiteElo "2274"]
[BlackElo "2020"]
[PlyCount "79"]
[EventDate "2022.10.09"]
[EventType "team-tourn"]
[EventRounds "11"]
[EventCountry "CZE"]
[SourceTitle "EXT 2024"]
[Source "ChessBase"]
[SourceDate "2023.10.10"]
[SourceVersion "1"]
[SourceVersionDate "2023.10.10"]
[SourceQuality "1"]
[WhiteTeam "Bruntal"]
[BlackTeam "Orlova Slavia III"]
[WhiteTeamCountry "CZE"]
[BlackTeamCountry "CZE"]

1. e4 e6 2. d4 d5 3. Nd2 a6 4. Ngf3 c5 5. Bd3 c4 6. Be2 Nf6 7. e5 Nfd7 8. Nf1 Be7 9. Ng3 0-0 10. Nh5 f6 11. Nf4 Nb6 12. exf6 Bxf6 13. Nh5 Nc6 14. 0-0 Bd7 15. Nxf6+ Qxf6 16. b3 cxb3 17. axb3 Rac8 18. Ba3 Rfd8 19. Bc5 Na8 20. Bd6 Be8 21. Bg3 h6 22. Qd2 Nc7 23. Rfe1 Nb5 24. Bxb5 axb5 25. Re3 Ra8 26. Rae1 Bf7 27. Ne5 Nxe5 28. Bxe5 Qg5 29. Qe2 Qf5 30. Rg3 g6 31. Rf3 Qh5 32. Qxb5 g5 33. Qxb7 Rac8 34. c3 Rf8 35. h3 Qg6 36. Rf6 Qh7 37. Re3 Bg6 38. Qxh7+ Kxh7 39. Rxe6 Rf7 40. Rd6 1-0

[Event "CZE-chT1W 0910"]
[Site "Czech Republic"]
[Date "2010.04.11"]
[Round "11.8"]
[White "Jirk, Ales"]
[Black "Karnik, Pavel"]
[Result "0-1"]
[WhiteElo "2184"]
[BlackElo "2305"]
[PlyCount "66"]
[EventDate "2009.10.11"]
[EventType "team-tourn"]
[EventRounds "11"]
[EventCountry "CZE"]
[SourceTitle "EXT 2011"]
[Source "ChessBase"]
[SourceDate "2010.11.26"]
[SourceVersion "1"]
[SourceVersionDate "2010.11.26"]
[SourceQuality "1"]
[WhiteTeam "Lysa nad Labem"]
[BlackTeam "Chrudim"]
[WhiteTeamCountry "CZE"]
[BlackTeamCountry "CZE"]

1. e4 d5 2. exd5 Qxd5 3. Nc3 Qa5 4. Bc4 Nf6 5. d4 c6 6. Qe2 Bf5 7. Nf3 e6 8. 0-0 Nbd7 9. a3 Bd6 10. Bd2 Qc7 11. Bd3 Bg4 12. h3 Bh5 13. b4 0-0 14. Bg5 Bf4 15. Bxf6 gxf6 16. g4 Bg6 17. Bxg6 hxg6 18. Ne4 f5 19. gxf5 exf5 20. Ned2 Rfe8 21. Qd3 Nf6 22. Rfe1 Kg7 23. Rxe8 Rxe8 24. Re1 Rh8 25. Kg2 Nd5 26. Ng1 Bh2 27. Kf1 Bxg1 28. Kxg1 Nf4 29. Qe3 Rxh3 30. Qe5+ Qxe5 31. Rxe5 Rxa3 32. Re7 b5 33. Nb3 Nd5 0-1

[Event "CZE-chT2F 0910"]
[Site "Czech Republic"]
[Date "2010.02.28"]
[Round "8.1"]
[White "Karnik, Pavel"]
[Black "Kriebel, Tadeas"]
[Result "0-1"]
[WhiteElo "2305"]
[BlackElo "2173"]
[PlyCount "42"]
[EventDate "2009.10.18"]
[EventType "team-tourn"]
[EventRounds "11"]
[EventCountry "CZE"]
[SourceTitle "EXT 2012"]
[Source "ChessBase"]
[SourceDate "2011.11.24"]
[SourceVersion "1"]
[SourceVersionDate "2011.11.24"]
[SourceQuality "1"]
[WhiteTeam "Bruntal"]
[BlackTeam "Benesov"]
[WhiteTeamCountry "CZE"]
[BlackTeamCountry "CZE"]

1. e4 c5 2. Nf3 d6 3. d4 cxd4 4. Qxd4 a6 5. c4 Nc6 6. Qd2 g6 7. Nc3 Bg7 8. b3 Nf6 9. Bb2 0-0 10. Be2 Bg4 11. 0-0 Qa5 12. Rfd1 Rfc8 13. h3 Bxf3 14. Bxf3 b5 15. a3 bxc4 16. b4 Qc7 17. Be2 Ne5 18. Rac1 Qb7 19. f3 Qa7+ 20. Kh2 Qf2 21. Rf1 Nxf3+ 0-1

[Event "CZE-chT1W 0910"]
[Site "Czech Republic"]
[Date "2010.01.24"]
[Round "7.7"]
[White "Karnik, Pavel"]
[Black "Rubes, Jan"]
[Result "1-0"]
[WhiteElo "2305"]
[BlackElo "2047"]
[PlyCount "141"]
[EventDate "2009.10.11"]
[EventType "team-tourn"]
[EventRounds "11"]
[EventCountry "CZE"]
[SourceTitle "EXT 2011"]
[Source "ChessBase"]
[SourceDate "2010.11.26"]
[SourceVersion "1"]
[SourceVersionDate "2010.11.26"]
[SourceQuality "1"]
[WhiteTeam "Chrudim"]
[BlackTeam "Teplice"]
[WhiteTeamCountry "CZE"]
[BlackTeamCountry "CZE"]

1. e4 c5 2. Nf3 d6 3. d4 cxd4 4. Qxd4 Nc6 5. Bb5 Bd7 6. Bxc6 Bxc6 7. Nc3 Nf6 8. Bg5 e6 9. 0-0-0 Be7 10. Rhe1 Qa5 11. Kb1 0-0 12. Qd2 Qa6 13. Nd4 Rac8 14. f3 Rfe8 15. g4 Rc7 16. h4 b5 17. Nce2 Rec8 18. Rc1 Be8 19. h5 Rc4 20. c3 R4c5 21. Be3 Nd7 22. g5 Ne5 23. b3 b4 24. cxb4 Rxc1+ 25. Rxc1 Rxc1+ 26. Kxc1 d5 27. exd5 Bxb4 28. Qc2 exd5 29. Bd2 Ba3+ 30. Kd1 Bf8 31. a4 Nc4 32. Bc1 Nb6 33. Ke1 Qb7 34. h6 g6 35. Bb2 Qe7 36. Qd2 f6 37. f4 Qe4 38. Kf2 Nd7 39. Ng3 Qe7 40. Nf3 Bf7 41. Bd4 Qa3 42. Qc3 Bc5 43. Ne2 Bxd4+ 44. Nfxd4 Nc5 45. Ke3 Ne4 46. Qc7 Qf8 47. Nc6 Nd6 48. Ned4 Qe8+ 49. Ne7+ Kf8 50. gxf6 Ne4 51. Kd3 Nxf6 52. Ndc6 Qd7 53. Qe5 Qe6 54. Kd4 Qxe5+ 55. fxe5 Ne4 56. Nxd5 Nd2 57. Nf6 Nxb3+ 58. Kc3 Nc5 59. Nxh7+ Kg8 60. Nf6+ Kh8 61. Nxa7 Nxa4+ 62. Kd4 Nb6 63. Nc6 Nc8 64. Ke4 Be8 65. Nxe8 Kh7 66. Nd6 Nb6 67. e6 Na8 68. Nb5 Nb6 69. e7 Nd7 70. Kd5 Kxh6 71. Ke6 1-0

[Event "CZE-chT2F 0910"]
[Site "Czech Republic"]
[Date "2010.01.17"]
[Round "5.1"]
[White "Karnik, Pavel"]
[Black "Lys, Josef"]
[Result "0-1"]
[WhiteElo "2305"]
[BlackElo "2237"]
[PlyCount "120"]
[EventDate "2009.10.18"]
[EventType "team-tourn"]
[EventRounds "11"]
[EventCountry "CZE"]
[SourceTitle "EXT 2012"]
[Source "ChessBase"]
[SourceDate "2011.11.24"]
[SourceVersion "1"]
[SourceVersionDate "2011.11.24"]
[SourceQuality "1"]
[WhiteTeam "Bruntal"]
[BlackTeam "Dobra"]
[WhiteTeamCountry "CZE"]
[BlackTeamCountry "CZE"]

1. e4 c6 2. d4 d5 3. exd5 cxd5 4. c4 Nf6 5. Nc3 e6 6. Nf3 Be7 7. cxd5 Nxd5 8. Bd3 0-0 9. 0-0 Nd7 10. Nxd5 exd5 11. Qc2 h6 12. Bf4 Nf6 13. Rac1 Bd6 14. Bxd6 Qxd6 15. Qc5 Qf4 16. Qc7 Qg4 17. Rfe1 b6 18. Re7 Be6 19. h3 Qh5 20. Qf4 Ne4 21. a3 Ng5 22. Nxg5 Qxg5 23. Qxg5 hxg5 24. Ba6 Bc8 25. Bb5 Be6 26. Rcc7 Rac8 27. Ba6 Rxc7 28. Rxc7 Ra8 29. b4 Kf8 30. Bb7 Re8 31. Ba6 Re7 32. Rc3 Ke8 33. Kh2 Kd8 34. Kg3 Bd7 35. Bb7 Bxh3 36. Bxd5 Bf5 37. Re3 Rd7 38. Re5 g6 39. Be4 Bxe4 40. Rxe4 Rd6 41. Rg4 f6 42. Kf3 Kd7 43. Ke3 Rc6 44. Rg3 Ke6 45. Kd3 Kd5 46. Rf3 b5 47. Re3 Ra6 48. Kc2 g4 49. Kb2 Kxd4 50. Re7 Kd3 51. Re3+ Kd2 52. Re7 f5 53. g3 Rd6 54. a4 Rd4 55. Kb3 Rd3+ 56. Ka2 bxa4 57. Rxa7 Ke2 58. Rxa4 Kxf2 59. b5 Rd6 60. Ra6 Rd5 0-1

[Event "Moravia-Silesia Region-chT 0708"]
[Site "Czech Republic"]
[Date "2008.02.10"]
[Round "7.1"]
[White "Karnik, Pavel"]
[Black "Nabelek, Marek"]
[Result "1/2-1/2"]
[WhiteElo "2338"]
[BlackElo "2281"]
[PlyCount "121"]
[EventDate "2007.10.28"]
[EventType "team-tourn"]
[EventRounds "11"]
[EventCountry "CZE"]
[SourceTitle "EXT 2024"]
[Source "ChessBase"]
[SourceDate "2023.10.10"]
[SourceVersion "1"]
[SourceVersionDate "2023.10.10"]
[SourceQuality "1"]

1. e4 c5 2. Nf3 e6 3. Nc3 Nc6 4. g3 g6 5. d4 cxd4 6. Nxd4 a6 7. Be3 Nge7 8. Qd2 Bg7 9. Nxc6 bxc6 10. Bd4 0-0 11. Bxg7 Kxg7 12. Qd6 Re8 13. h4 Qb6 14. b3 Qb8 15. 0-0-0 Qxd6 16. Rxd6 f5 17. Bg2 fxe4 18. Nxe4 Nf5 19. Rd2 d5 20. Nc5 Ra7 21. Re1 Kf6 22. c4 Rc7 23. Kb2 h5 24. Nd3 dxc4 25. bxc4 c5 26. Kc3 Ree7 27. Rb2 Red7 28. Nf4 Rd6 29. Nd3 Rd4 30. Rb6 Nd6 31. Bd5 Nb5+ 32. cxb5 Rxd5 33. Nf4 Re5 34. Rxe5 Kxe5 35. Nxg6+ Kf5 36. Nf4 axb5 37. Rxb5 Kg4 38. Rb2 e5 39. Nd5 Ra7 40. Ne3+ Kf3 41. Nc4 Be6 42. Nxe5+ Kg2 43. Kd3 Ra3+ 44. Ke4 Ra4+ 45. Ke3 Bxa2 46. Ng6 Ra3+ 47. Ke4 c4 48. Nf4+ Kf1 49. Kd4 Bb3 50. Nxh5 Bd1 51. Rb1 Rd3+ 52. Kxc4 Rd8 53. f4 Kg2 54. Ng7 Be2+ 55. Kc5 Kxg3 56. Ne6 Re8 57. Kd6 Bg4 58. Re1 Rxe6+ 59. Rxe6 Bxe6 60. Kxe6 Kxf4 61. Kf6 1/2-1/2

[Event "Moravia-Silesia Region-chT 0708"]
[Site "Czech Republic"]
[Date "2007.11.25"]
[Round "3.1"]
[White "Karnik, Pavel"]
[Black "Vesely, Libor"]
[Result "1/2-1/2"]
[WhiteElo "2338"]
[BlackElo "2174"]
[PlyCount "60"]
[EventDate "2007.10.28"]
[EventType "team-tourn"]
[EventRounds "11"]
[EventCountry "CZE"]
[SourceTitle "EXT 2024"]
[Source "ChessBase"]
[SourceDate "2023.10.10"]
[SourceVersion "1"]
[SourceVersionDate "2023.10.10"]
[SourceQuality "1"]

1. e4 c5 2. Nf3 d6 3. d4 cxd4 4. Qxd4 a6 5. c4 Nc6 6. Qd3 g6 7. Nc3 Bg7 8. b3 Nf6 9. Bb2 0-0 10. Be2 Bd7 11. 0-0 Rb8 12. Rfd1 Qa5 13. a3 Ne5 14. Nxe5 Qxe5 15. Rab1 Bc6 16. f3 Qe6 17. a4 Nd7 18. Bf1 Ne5 19. Qd2 f5 20. exf5 Rxf5 21. Nd5 Rbf8 22. Bd3 Nxd3 23. Qxd3 Bxd5 24. cxd5 Qd7 25. Bxg7 Kxg7 26. Re1 Rc8 27. Qd4+ Kg8 28. Rbc1 Rc7 29. Rxc7 Qxc7 30. Re2 Kf7 1/2-1/2

[Event "CZE-chT 0304"]
[Site "Czech Republic"]
[Date "2004.03.20"]
[Round "8"]
[White "Bazant, Petr Jr"]
[Black "Karnik, Pavel"]
[Result "1-0"]
[WhiteElo "2361"]
[BlackElo "2382"]
[PlyCount "97"]
[EventDate "2003.11.08"]
[EventType "team-tourn"]
[EventRounds "11"]
[EventCountry "CZE"]
[SourceTitle "EXT 2019"]
[Source "ChessBase"]
[SourceDate "2018.10.10"]
[SourceVersion "1"]
[SourceVersionDate "2018.10.10"]
[SourceQuality "1"]
[WhiteTeam "Karvina SK Banik CSA "]
[BlackTeam "Hradec Kralove Slavia"]
[WhiteTeamCountry "CZE"]
[BlackTeamCountry "CZE"]

1. e4 e6 2. d4 d5 3. exd5 exd5 4. Bd3 Nf6 5. Bg5 Be7 6. Ne2 0-0 7. 0-0 Bg4 8. Re1 Nbd7 9. Nd2 Re8 10. Nf1 Nf8 11. f3 Bh5 12. Nf4 Bg6 13. Ne3 c6 14. Nf5 Bxf5 15. Bxf5 h6 16. Bxf6 Bxf6 17. c3 Qd6 18. Nd3 Bg5 19. Re5 Be3+ 20. Kh1 Rxe5 21. dxe5 Qe7 22. f4 Rd8 23. Qf3 d4 24. Rd1 Ne6 25. b4 a5 26. a3 axb4 27. axb4 Nc7 28. c4 Ne6 29. Ra1 g6 30. Be4 f5 31. exf6 Qxf6 32. g3 Rf8 33. Qg4 g5 34. b5 Ng7 35. bxc6 bxc6 36. fxg5 Bxg5 37. Qd7 c5 38. Qd5+ Kh8 39. Qxc5 Re8 40. Bg2 Re2 41. Rf1 Qe6 42. Qxd4 Kh7 43. Nc5 Qe7 44. Be4+ Kh8 45. Qd5 Rd2 46. Nd3 Bf6 47. Nf4 Qd8 48. Ng6+ Kh7 49. Ne5+ 1-0

[Event "Tatry op"]
[Site "Tatranske Zruby"]
[Date "2003.09.30"]
[Round "5"]
[White "Karnik, Pavel"]
[Black "Kubos, Rostislav"]
[Result "1-0"]
[WhiteElo "2392"]
[BlackElo "2218"]
[PlyCount "62"]
[EventDate "2003.09.27"]
[EventType "swiss"]
[EventRounds "9"]
[EventCountry "SVK"]
[SourceTitle "CBM 096 Extra"]
[Source "ChessBase"]
[SourceDate "2003.10.22"]
[SourceVersion "2"]
[SourceVersionDate "2003.10.20"]
[SourceQuality "1"]

1. e4 c5 2. Nf3 Nc6 3. Bb5 g6 4. 0-0 Bg7 5. c3 e5 6. Re1 Nge7 7. d4 cxd4 8. cxd4 exd4 9. Bf4 d6 10. Nxd4 0-0 11. Bxc6 bxc6 12. Nc3 Bb7 13. Nb3 d5 14. e5 Nf5 15. Rc1 Re8 16. Qd2 f6 17. e6 Bf8 18. Na4 Ng7 19. Nd4 Rc8 20. Nc5 Ba8 21. Qc3 Bd6 22. Qf3 Bxc5 23. Rxc5 Qb6 24. Qc3 Qd8 25. b4 g5 26. Bg3 Bb7 27. h4 h6 28. Qd3 Re7 29. Qg6 Qe8 30. Qxf6 Nh5 31. Qxh6 Nxg3 1-0

[Event "Tatry op"]
[Site "Tatranske Zruby"]
[Date "2003.09.29"]
[Round "3"]
[White "Karnik, Pavel"]
[Black "Hrbolka, Ladislav Jr"]
[Result "1-0"]
[WhiteElo "2392"]
[BlackElo "2174"]
[PlyCount "57"]
[EventDate "2003.09.27"]
[EventType "swiss"]
[EventRounds "9"]
[EventCountry "SVK"]
[SourceTitle "CBM 096 Extra"]
[Source "ChessBase"]
[SourceDate "2003.10.22"]
[SourceVersion "2"]
[SourceVersionDate "2003.10.20"]
[SourceQuality "1"]

1. e4 c5 2. Nf3 e6 3. d3 Nc6 4. g3 d5 5. Nbd2 Bd6 6. Bg2 Nge7 7. 0-0 0-0 8. Re1 Ng6 9. b3 f5 10. Bb2 fxe4 11. dxe4 d4 12. Nc4 e5 13. Qe2 Be7 14. a4 Bg4 15. h3 Be6 16. Rf1 Qd7 17. Kh2 Qc7 18. Bc1 h6 19. Bd2 Rf6 20. Ne1 Raf8 21. h4 d3 22. Nxd3 Nd4 23. Qd1 Bxc4 24. bxc4 Bd6 25. Be3 Qf7 26. Bxd4 cxd4 27. c5 Bb8 28. Rb1 Qd7 29. Bh3 1-0

[Event "Pardubice Czech op"]
[Site "Pardubice"]
[Date "2002.07.26"]
[Round "8"]
[White "Karnik, Pavel"]
[Black "Dobrov, Vladimir"]
[Result "0-1"]
[WhiteElo "2372"]
[BlackElo "2443"]
[PlyCount "66"]
[EventDate "2002.07.19"]
[EventType "swiss"]
[EventRounds "9"]
[EventCountry "CZE"]
[SourceTitle "CBM 089 Extra"]
[Source "ChessBase"]
[SourceDate "2002.09.10"]
[SourceVersion "2"]
[SourceVersionDate "2002.09.10"]
[SourceQuality "1"]

1. e4 c5 2. Nf3 d6 3. d4 cxd4 4. Qxd4 Nc6 5. Bb5 Bd7 6. Bxc6 Bxc6 7. Nc3 h6 8. 0-0 Nf6 9. Be3 e5 10. Qd3 Be7 11. Rad1 0-0 12. Qe2 Nxe4 13. Nxe4 Bxe4 14. Nxe5 Qc7 15. Nd3 Rfe8 16. f3 Bf5 17. Qf2 d5 18. Rfe1 Bd6 19. g3 Qa5 20. a3 Bf8 21. c3 Qb5 22. Nf4 Be6 23. Re2 a5 24. Red2 Rad8 25. Bd4 Bd6 26. Nh5 f6 27. g4 Bf7 28. Qh4 Re6 29. Nxg7 Kxg7 30. g5 hxg5 31. Qxg5+ Bg6 32. Rg2 Qe8 33. Kh1 Be5 0-1

[Event "CZE-chTV 0102"]
[Site "Czech Republic"]
[Date "2002.??.??"]
[Round "2"]
[White "Karnik, Pavel"]
[Black "Kacirek, Petr"]
[Result "1-0"]
[WhiteElo "2348"]
[BlackElo "2311"]
[PlyCount "65"]
[EventDate "2001.??.??"]
[EventType "team"]
[EventRounds "11"]
[EventCountry "CZE"]
[SourceTitle "EXT 2003"]
[Source "ChessBase"]
[SourceDate "2002.11.25"]
[SourceVersion "1"]
[SourceVersionDate "2002.11.25"]
[SourceQuality "1"]
[WhiteTeam "Synthesia"]
[BlackTeam "Rychnov nad Kneznou"]
[WhiteTeamCountry "CZE"]
[BlackTeamCountry "CZE"]

1. e4 c6 2. d4 d5 3. exd5 cxd5 4. c4 Nf6 5. Nc3 e6 6. Nf3 Be7 7. cxd5 Nxd5 8. Bd3 Nc6 9. 0-0 0-0 10. Re1 Nxc3 11. bxc3 b6 12. Qc2 g6 13. Bh6 Re8 14. Be4 Bb7 15. Ne5 Nxe5 16. Bxb7 Rb8 17. Qe4 Qc7 18. Ba6 Nd7 19. Bb5 Red8 20. Bf4 Bd6 21. Bg5 Rdc8 22. Qh4 Qb7 23. Re3 a6 24. Bxd7 Qxd7 25. Bf6 h5 26. g4 Qb5 27. Rae1 Bf4 28. Rf3 Bd2 29. Be5 f5 30. Qf6 Qd7 31. Qxg6+ Kf8 32. gxf5 Qf7 33. fxe6 1-0

[Event "CZE-chT2a 0001"]
[Site "Czech Republic"]
[Date "2001.??.??"]
[Round "9"]
[White "Karnik, Pavel"]
[Black "Horak, Michal"]
[Result "1-0"]
[WhiteElo "2340"]
[BlackElo "2325"]
[PlyCount "103"]
[EventDate "2000.??.??"]
[EventType "team"]
[EventRounds "11"]
[EventCountry "CZE"]
[SourceTitle "EXT 2003"]
[Source "ChessBase"]
[SourceDate "2002.11.25"]
[SourceVersion "1"]
[SourceVersionDate "2002.11.25"]
[SourceQuality "1"]

1. e4 c5 2. Nf3 Nc6 3. Nc3 g6 4. Bb5 Bg7 5. Bxc6 dxc6 6. h3 Nf6 7. 0-0 0-0 8. d3 h6 9. Be3 b6 10. Nd2 e5 11. f4 exf4 12. Bxf4 Nh5 13. Bh2 Qg5 14. Nf3 Bd4+ 15. Kh1 Ng3+ 16. Bxg3 Qxg3 17. Ne2 Qd6 18. Nexd4 cxd4 19. e5 Qd5 20. Qd2 Kg7 21. Qf4 c5 22. Qf6+ Kh7 23. Nd2 Bb7 24. Ne4 Qe6 25. Qxe6 fxe6 26. Nd6 Bd5 27. a3 Kg7 28. Kg1 a6 29. c4 dxc3 30. bxc3 b5 31. Rxf8 Rxf8 32. c4 Bc6 33. cxb5 Bxb5 34. Rc1 Bxd3 35. Rxc5 g5 36. Rc7+ Kg8 37. Re7 Rf1+ 38. Kh2 Ra1 39. Rxe6 Rxa3 40. Rxh6 Kg7 41. Re6 Bg6 42. g4 Ra2+ 43. Kg3 Ra3+ 44. Kf2 Ra2+ 45. Ke3 Ra3+ 46. Kd4 Rf3 47. Re7+ Kf8 48. Ra7 Rd3+ 49. Kc5 Rxh3 50. Kd5 Bc2 51. Ra8+ Kg7 52. Nf5+ 1-0